000
00255nam a22001217a 4500
008
190225b xxu||||| |||| 00| 0 eng d
041
_a
eng
080
_2
10th
_a
510
100
_a
38
101
_a
MAT
245
_a
College Algebra
_c
Lial
942
_2
udc
_c
BK
999
_c
54245
_d
54245